• 首页
  • 本馆介绍
  • 公告通知
  • 最新文献
  • 馆藏检索
  • 电子资源
  • 读者导购
  • 参考咨询
  • 我的图书馆
  • 登录
  • 详细信息显示
  • 放入我的书架
  • 预约/预借图书
  • 作者相关作品
  • 分类相关作品
  • 丛书相关作品
  • 出版社相关作品

书目信息

  • 表格格式
  • 工作单格式
  • 卡片格式
书名: Selected tales of Liaozhai
作者: Pu Songling.
分册号:
分册名:
出版地: Beijing :
 
出版社: Panda Books
出版时间: 1981.
页数: 151 p. ;
开本: 18 cm.
丛书名: Panda books
中图分类号:
科图分类号:
其他分类号: H319.4
主题词:
电子资源:
000 00426nam 22000169i 450
001 0200023717
005 20070206161418.70
008 991204m1981 u y 000 1a
041    @aeng
090    @aI242.1
090    @aH319.4
099    @dH319.4@ex432
100 1  @aPu@cSongling.
245 10 @aSelected tales of Liaozhai / @cPu Songling.
260 1  @aBeijing :@bPanda Books,@c1981.
300    @a151 p. ;@c18 cm.
440  0 @aPanda books
    
    Selected tales of Liaozhai / / Pu Songling.-Beijing : : Panda Books, , 1981.
    151 p. ; ; 18 cm.- (Panda books )
    
    
    ISBN
    
●
相关链接 在E读中查询图书 在五车中查询图书 在当当中查询图书 在豆瓣中查询图书


正题名:Selected tales of Liaozhai     索取号:H319.4/x432         预约/预借

序号 登录号 条形码 馆藏地/架位号 状态 备注
1 60546   000448947   第四借阅区/ [索取号:H319.4/x432] 在馆    
2 60547   000448901   第四借阅区/ [索取号:H319.4/x432] 在馆    
3 60548   000449027   第四借阅区/ [索取号:H319.4/x432] 在馆    
4 60549   000448983   第四借阅区/ [索取号:H319.4/x432] 在馆    
5 60550   000449063   第四借阅区/ [索取号:H319.4/x432] 在馆    
唐山师范学院图书馆 欢迎您!
大连网信软件有限公司© 版权所有